Zosilnený tón DU

Bibliographic Details
Main Author: (mb) (Author)
Format: Article
Language:Slovak
Subjects:

MARC

LEADER 00000nab a2200000 a 4500
001 vtls000548165
003 SK-MaSNL
005 20260303200849.0
008 150430c1995 xo 0 slo
015 |a SNBRB19rr/mm-uuuuu 
035 |a CL0548303 
040 |a SNKBUCL  |b slo  |c SNKBUCL  |e AACR2 
041 0 |a slo 
044 |a xo  |c SK 
080 |a 329.12(437.6)DÚ  |2 1981 
100 1 |a (mb)  |4 aut  |9 852648 
245 1 0 |a Zosilnený tón DU  |c (mb) 
610 2 7 |a Demokratická únia (politická strana)  |2 snkbucl  |9 51505 
655 7 |a články z novín a časopisov  |2 snkbucl  |9 267496 
773 0 |t Pravda  |g Roč. 5, č. 123 (29. 5. 1995), s. 2 
850 |a Slovenská národná knižnica v Martine  |a MTA001 
852 |a SNK  |b KIS3GCP 
958 |a RK 
958 |a SK 
992 |a RBX 
999 |c 2170213  |d 2172143